The Ballad Of Lucy Gray Baird - Rachel Zegler - All Lyrics - Statistics

General Stats
  • This quiz has been taken 397 times
  • The average score is 187 of 241
Answer Stats
Answer % Correct
a
99%
I
95%
You
94%
you
94%
the
93%
was
88%
in
87%
When
87%
when
87%
to
86%
your
86%
do
85%
my
85%
babe,
84%
be
84%
I'm
84%
no
84%
that
84%
We
84%
we
84%
fell
83%
go
83%
who
83%
on
82%
bad,
81%
bad
81%
but
81%
So
81%
you're
81%
and
80%
And
80%
arms
80%
girl,
80%
into
80%
lost
80%
Then,
80%
then
80%
will
79%
down
78%
grave
78%
grave?
78%
love
77%
one
76%
am
75%
bet
75%
either
75%
what
75%
for
73%
For
73%
me,
73%
me
73%
nothin'
73%
our
73%
reapin'
73%
said
72%
say
72%
won't
72%
alright,
71%
Alright,
71%
Well,
71%
know
70%
new
70%
own
70%
that's
70%
let
69%
neither
69%
prize
68%
Too
68%
alone
67%
feet
67%
money
67%
six
67%
under
67%
by
66%
color
66%
I'll
66%
later
66%
lover,
66%
see
66%
sooner
66%
take
66%
turn
66%
bell
65%
bright
65%
day,
65%
dinner,
65%
how
65%
It's
65%
It’s
65%
rings,
65%
than
65%
wonder
65%
danced
64%
like
64%
lived
64%
sleepin'
64%
tomorrow?
64%
you'll
64%
heard
62%
knows
62%
weepin'
62%
went
62%
were
62%
charms
61%
drank
61%
good
61%
honey
61%
kisses
61%
Now,
61%
remind
61%
should
61%
up
61%
left,
60%
times
60%
gambled
59%
more
59%
'Cause
58%
hard
58%
sayin'
58%
struggle
58%
holler
57%
Just
57%
sang
57%
spread
57%
brave
56%
out
56%
save
55%
stole
54%
looks
52%
soul
52%
leapin'
51%
dogs
48%
suppers,
44%
No matching quizzes found
Score Distribution
Percent of People with Each Score
Percentile by Number Answered
Your Score History
You have not taken this quiz